[Event "American Continental 16th"]
[Site "San Salvador"]
[Date "2022.05.08"]
[Round "9"]
[White "Castillo, Carlos Emilio"]
[Black "Nuila, Katherine"]
[Result "0-1"]
[WhiteElo "1407"]
[BlackElo "1354"]
[PlyCount "28"]
[EventDate "2022.05.02"]
[EventType "swiss"]
[EventRounds "11"]
[EventCountry "ESA"]
[SourceTitle "CBM 208 Extra"]
[Source "ChessBase"]
[SourceDate "2022.07.31"]
[SourceVersion "1"]
[SourceVersionDate "2022.07.31"]
[SourceQuality "1"]

1. e4 e5 2. Nf3 Nc6 3. d4 exd4 4. Bc4 Nf6 5. e5 Ne4 6. 0-0 d5 7. Bb5 Bg4 8. Qd3 Bxf3 9. gxf3 Ng5 10. f4 Ne6 11. f5 Ng5 12. f4 Ne4 13. Bxc6+ bxc6 14. Qxd4 Bc5 0-1

[Event "American Continental 16th"]
[Site "San Salvador"]
[Date "2022.05.06"]
[Round "6"]
[White "Castillo, Carlos Emilio"]
[Black "Perez, Nayeli"]
[Result "1/2-1/2"]
[WhiteElo "1407"]
[BlackElo "1162"]
[PlyCount "78"]
[EventDate "2022.05.02"]
[EventType "swiss"]
[EventRounds "11"]
[EventCountry "ESA"]
[SourceTitle "CBM 208 Extra"]
[Source "ChessBase"]
[SourceDate "2022.07.31"]
[SourceVersion "1"]
[SourceVersionDate "2022.07.31"]
[SourceQuality "1"]

1. e4 c5 2. Nf3 Nc6 3. d4 cxd4 4. Nxd4 g6 5. c4 Bg7 6. Be3 d6 7. Nc3 Nf6 8. Be2 0-0 9. 0-0 a5 10. Qd2 Nxd4 11. Bxd4 a4 12. f3 Qa5 13. Rfd1 Be6 14. b3 a3 15. Nd5 Nxd5 16. exd5 Qxd2 17. Rxd2 Bxd4+ 18. Rxd4 Bd7 19. Re4 Rfe8 20. Bd3 Rab8 21. Rae1 Kf8 22. Kf2 b5 23. Rd4 bxc4 24. Bxc4 Bb5 25. Re3 Bxc4 26. Rxc4 Rec8 27. Rec3 Rxc4 28. Rxc4 Rb5 29. Rd4 Rc5 30. Rd2 Ke8 31. Ke3 Kd7 32. Rd3 Rc2 33. Rd2 Rb2 34. Kd3 e6 35. dxe6+ fxe6 36. Kc3 Rb1 37. Kb4 Rb2 38. Kc3 Rb1 39. Kb4 Rb2 1/2-1/2

[Event "American Continental 16th"]
[Site "San Salvador"]
[Date "2022.05.04"]
[Round "4"]
[White "Castillo, Carlos Emilio"]
[Black "Palencia Alvarado, Julio Roberto"]
[Result "0-1"]
[WhiteElo "1407"]
[BlackElo "1758"]
[PlyCount "51"]
[EventDate "2022.05.02"]
[EventType "swiss"]
[EventRounds "11"]
[EventCountry "ESA"]
[SourceTitle "CBM 208 Extra"]
[Source "ChessBase"]
[SourceDate "2022.07.31"]
[SourceVersion "1"]
[SourceVersionDate "2022.07.31"]
[SourceQuality "1"]

1. e4 e6 2. d4 d5 3. e5 c5 4. c3 Qb6 5. Nf3 Nc6 6. a3 Nh6 7. b4 cxd4 8. cxd4 Nf5 9. Bb2 Bd7 10. Be2 Be7 11. 0-0 0-0 12. Qd3 f6 13. Nbd2 fxe5 14. dxe5 Nh4 15. Nxh4 Bxh4 16. g3 Be7 17. Nf3 Be8 18. Bd4 Rxf3 19. Qxf3 Nxd4 20. Qg4 Nxe2+ 21. Qxe2 Bb5 22. Qe3 Bxf1 23. Kxf1 Qxe3 24. fxe3 Rc8 25. Ra2 Rc3 26. Ke2 0-1

[Event "Managua Hurtado Memorial 19th"]
[Site "Managua"]
[Date "2019.12.29"]
[Round "7"]
[White "Castillo, Carlos Emilio"]
[Black "Caballero, Danery Javier"]
[Result "0-1"]
[WhiteElo "1485"]
[BlackElo "1693"]
[PlyCount "66"]
[EventDate "2019.12.26"]
[EventType "swiss"]
[EventRounds "9"]
[EventCountry "NCA"]
[SourceTitle "CBM 195 Extra"]
[Source "ChessBase"]
[SourceDate "2020.05.31"]
[SourceVersion "1"]
[SourceVersionDate "2020.05.31"]
[SourceQuality "1"]

1. e4 c5 2. Nf3 d6 3. d4 cxd4 4. Nxd4 Nf6 5. Nc3 a6 6. Be3 Qc7 7. Be2 b5 8. Bf3 Bb7 9. a3 Nbd7 10. Nf5 e6 11. Ng3 Be7 12. 0-0 Rc8 13. Rc1 0-0 14. Qd3 Ne5 15. Qd4 Nc4 16. Nd1 Nxe3 17. Nxe3 Nd7 18. c4 Bf6 19. Qd2 bxc4 20. Nxc4 Qd8 21. Rfd1 Ne5 22. Be2 d5 23. Nxe5 Bxe5 24. exd5 Bxd5 25. Bxa6 Rxc1 26. Qxc1 Qb6 27. Bf1 Qxb2 28. Qxb2 Bxb2 29. a4 Bf6 30. Bb5 Ra8 31. Ne2 Bb3 32. Bc6 Bxd1 33. Bxa8 Bxe2 0-1

[Event "Managua Hurtado Memorial 18th"]
[Site "Managua"]
[Date "2018.12.28"]
[Round "4"]
[White "Castillo, Carlos Emilio"]
[Black "Narvaez Talavera, Joanie Ellen"]
[Result "1/2-1/2"]
[WhiteElo "1445"]
[BlackElo "1693"]
[PlyCount "85"]
[EventDate "2018.12.26"]
[EventType "swiss"]
[EventRounds "9"]
[EventCountry "NCA"]
[SourceTitle "EXT 2020"]
[Source "ChessBase"]
[SourceDate "2019.10.17"]
[SourceVersion "1"]
[SourceVersionDate "2019.10.17"]
[SourceQuality "1"]

1. e4 d5 2. exd5 Qxd5 3. Qf3 Qd8 4. Bc4 Nf6 5. Nc3 Nc6 6. Nd5 Ne5 7. Nxf6+ gxf6 8. Qc3 Nxc4 9. Qxc4 c6 10. Nf3 Be6 11. Qd4 Qc7 12. d3 c5 13. Qf4 Qb6 14. Qa4+ Bd7 15. Qb3 Qc7 16. Be3 e6 17. Qc3 0-0-0 18. Qxf6 Rg8 19. Bf4 Qa5+ 20. Bd2 Qb6 21. 0-0 Bd6 22. b4 Rg6 23. bxc5 Qc6 24. Qxg6 hxg6 25. cxd6 Qxd6 26. Ng5 Rh8 27. f4 Qd4+ 28. Kh1 f6 29. Ne4 Bc6 30. Bc3 Qd5 31. Bxf6 Rh7 32. Be5 g5 33. Rfe1 g4 34. Re2 g3 35. h3 Qd8 36. Re3 Qf8 37. Rxg3 Rh5 38. Nf6 Rh8 39. Ne4 Rh5 40. Nf6 Rh8 41. Ne4 Rh5 42. Nf6 Rh8 43. Ne4 1/2-1/2

[Event "Managua Hurtado Memorial 17th"]
[Site "Managua"]
[Date "2017.12.15"]
[Round "9"]
[White "Borge Gonzalez, Fernando Antonio"]
[Black "Castillo, Carlos Emilio"]
[Result "0-1"]
[WhiteElo "1233"]
[BlackElo "1479"]
[PlyCount "80"]
[EventDate "2017.12.11"]
[EventType "swiss"]
[EventRounds "9"]
[EventCountry "NCA"]
[SourceTitle "CBM 182 Extra"]
[Source "ChessBase"]
[SourceDate "2018.02.23"]
[SourceVersion "1"]
[SourceVersionDate "2018.02.23"]
[SourceQuality "1"]

1. e4 d6 2. d4 Nf6 3. Nc3 g6 4. Nf3 Bg7 5. Bd3 0-0 6. 0-0 Nc6 7. Be3 Bg4 8. h3 Bxf3 9. Qxf3 e5 10. dxe5 Nxe5 11. Qe2 Nxd3 12. cxd3 Qe7 13. f3 Rfe8 14. Rfe1 a6 15. Qf2 Nd7 16. Rac1 Ne5 17. Nd5 Qd8 18. Nxc7 Nxd3 19. Qe2 Nxc1 20. Rxc1 Rc8 21. Nxe8 Rxc1+ 22. Bxc1 Qxe8 23. b3 Qc6 24. Bf4 Be5 25. Bxe5 dxe5 26. Qc4 Kf8 27. Qxc6 bxc6 28. Kf2 Ke7 29. Ke3 Kd6 30. Kd3 Kc5 31. Kc3 a5 32. a4 h5 33. g4 hxg4 34. hxg4 g5 35. Kb2 Kb4 36. Kc2 c5 37. Kb2 c4 38. bxc4 Kxc4 39. Ka3 Kc3 40. Ka2 Kb4 0-1

[Event "Managua Hurtado Memorial 17th"]
[Site "Managua"]
[Date "2017.12.11"]
[Round "1"]
[White "Castillo, Carlos Emilio"]
[Black "Pilarte, Rene"]
[Result "0-1"]
[WhiteElo "1479"]
[BlackElo "2132"]
[PlyCount "124"]
[EventDate "2017.12.11"]
[EventType "swiss"]
[EventRounds "9"]
[EventCountry "NCA"]
[SourceTitle "CBM 182 Extra"]
[Source "ChessBase"]
[SourceDate "2018.02.23"]
[SourceVersion "1"]
[SourceVersionDate "2018.02.23"]
[SourceQuality "1"]

1. e4 c5 2. Nf3 e6 3. Nc3 a6 4. Be2 d6 5. 0-0 Nf6 6. d4 cxd4 7. Nxd4 Be7 8. Bg5 0-0 9. Qd2 Qc7 10. Rad1 Nc6 11. Nxc6 bxc6 12. Bxf6 gxf6 13. Qh6 Kh8 14. Rd3 Rg8 15. Rh3 Rg7 16. Bd3 e5 17. Rg3 Rg6 18. Rxg6 fxg6 19. Qe3 Be6 20. b3 Qa7 21. Qxa7 Rxa7 22. Na4 d5 23. exd5 cxd5 24. f3 Bd7 25. Nc3 Bc5+ 26. Kh1 Bc6 27. Rb1 a5 28. a4 Re7 29. h3 e4 30. fxe4 dxe4 31. Bc4 e3 32. Kh2 Bb4 33. Ne2 f5 34. c3 Bd6+ 35. Kg1 f4 36. Rd1 Be5 37. Rf1 g5 38. h4 gxh4 39. Nxf4 Bxf4 40. Rxf4 e2 41. Rf8+ Kg7 42. Rg8+ Kh6 43. Bxe2 Rxe2 44. b4 axb4 45. cxb4 Bxa4 46. Kh2 Rb2 47. Rg4 Kh5 48. Rd4 Bc6 49. Rc4 Rxg2+ 50. Kh3 Rg3+ 51. Kh2 Rg2+ 52. Kh3 Rg3+ 53. Kh2 Bd7 54. Rc5+ Kg6 55. b5 Rb3 56. Rc7 Rb2+ 57. Kg1 Bxb5 58. Rb7 h5 59. Rb8 h3 60. Rg8+ Kf5 61. Rh8 h2+ 62. Kh1 Bc6# 0-1

[Event "Managua Hurtado Memorial 16th"]
[Site "Managua"]
[Date "2016.12.28"]
[Round "4"]
[White "Espinoza Solano, Jose Nahum"]
[Black "Castillo, Carlos Emilio"]
[Result "1-0"]
[WhiteElo "1668"]
[BlackElo "1453"]
[PlyCount "121"]
[EventDate "2016.12.26"]
[EventType "swiss"]
[EventRounds "9"]
[EventCountry "NCA"]
[SourceTitle "CBM 176 Extra"]
[Source "ChessBase"]
[SourceDate "2017.03.02"]
[SourceVersion "1"]
[SourceVersionDate "2017.03.02"]
[SourceQuality "1"]

1. e4 d6 2. d4 Nf6 3. Nc3 g6 4. f3 c6 5. Be3 b5 6. a3 Bg7 7. Nge2 Nbd7 8. Qd2 h5 9. 0-0-0 Qa5 10. Kb1 Nb6 11. Na2 Qxd2 12. Bxd2 Nc4 13. Bc1 Bh6 14. Bxh6 Rxh6 15. Nec3 Ne3 16. Rd2 Nxf1 17. Rxf1 a5 18. Re1 g5 19. d5 Bb7 20. dxc6 Bxc6 21. e5 dxe5 22. Rxe5 g4 23. Nxb5 Bxb5 24. Rxb5 gxf3 25. gxf3 Nd7 26. Nc3 h4 27. Rdd5 Rha6 28. Rh5 e5 29. Rxh4 Rf6 30. Nd5 Rc6 31. Ra4 Nf6 32. Nxf6+ Rxf6 33. Rxe5+ Kd7 34. Raxa5 Rxa5 35. Rxa5 Rxf3 36. h4 Rh3 37. h5 Ke6 38. h6 Kf6 39. c4 Kg6 40. Ra6+ f6 41. c5 Kg5 42. c6 Rxh6 43. c7 Rh8 44. Rc6 Rc8 45. b4 f5 46. Kc2 f4 47. b5 Kf5 48. Kd2 Ke5 49. b6 Kd5 50. Rc3 f3 51. b7 f2 52. Ke2 Re8+ 53. Kxf2 Rf8+ 54. Rf3 Kc6 55. c8Q+ Rxc8 56. bxc8Q+ Kd5 57. Rd3+ Ke5 58. Qe8+ Kf5 59. Rf3+ Kg5 60. Qg8+ Kh6 61. Rh3# 1-0

[Event "Managua Hurtado Memorial 15th"]
[Site "Managua"]
[Date "2015.12.27"]
[Round "2"]
[White "Mejia, Donaldo"]
[Black "Castillo, Carlos Emilio"]
[Result "1-0"]
[WhiteElo "1810"]
[BlackElo "1473"]
[PlyCount "69"]
[EventDate "2015.12.26"]
[EventType "swiss"]
[EventRounds "9"]
[EventCountry "NCA"]
[SourceTitle "CBM 170 Extra"]
[Source "ChessBase"]
[SourceDate "2016.02.25"]
[SourceVersion "1"]
[SourceVersionDate "2016.02.25"]
[SourceQuality "1"]

1. e4 d6 2. d4 Nf6 3. Nc3 g6 4. g3 Bg7 5. Bg2 0-0 6. h3 Nbd7 7. Nge2 e5 8. 0-0 Qe7 9. f4 exf4 10. Bxf4 c6 11. a4 Nh5 12. Be3 Nb6 13. b3 f5 14. a5 Nd7 15. Qd2 fxe4 16. Nxe4 d5 17. Rxf8+ Qxf8 18. Rf1 Qe7 19. Bg5 Nhf6 20. Nxf6+ Bxf6 21. Be3 Bg7 22. Nf4 Nf6 23. Kh2 Bf5 24. a6 b6 25. c4 Re8 26. Bf2 Ne4 27. Bxe4 Bxe4 28. Re1 Bh6 29. Re2 Bxf4 30. Qxf4 Rf8 31. Qd2 Qf7 32. Be3 b5 33. c5 Qf3 34. Qe1 Qh5 35. g4 1-0

[Event "Managua Hurtado Memorial 15th"]
[Site "Managua"]
[Date "2015.12.26"]
[Round "1"]
[White "Castillo, Carlos Emilio"]
[Black "Garcia, Antonio Manuel Cost"]
[Result "0-1"]
[WhiteElo "1473"]
[BlackElo "1955"]
[PlyCount "82"]
[EventDate "2015.12.26"]
[EventType "swiss"]
[EventRounds "9"]
[EventCountry "NCA"]
[SourceTitle "CBM 170 Extra"]
[Source "ChessBase"]
[SourceDate "2016.02.25"]
[SourceVersion "1"]
[SourceVersionDate "2016.02.25"]
[SourceQuality "1"]

1. e4 c6 2. Nf3 d5 3. exd5 cxd5 4. d4 Nc6 5. c3 Nf6 6. Be2 g6 7. 0-0 Bg7 8. Re1 0-0 9. Nbd2 Qc7 10. Nf1 Bg4 11. Ng3 Rfe8 12. h3 Bxf3 13. Bxf3 e5 14. dxe5 Rxe5 15. Rxe5 Qxe5 16. Qe2 Qd6 17. Be3 Rd8 18. Rd1 Qe6 19. Bc5 b6 20. Qxe6 fxe6 21. Be3 Kf7 22. Be2 Bf8 23. Bb5 Rc8 24. Ne2 Bc5 25. Nd4 Nxd4 26. Bxd4 Bxd4 27. Rxd4 Rc7 28. f3 Ke7 29. Kf2 Rc5 30. a4 Rc7 31. g4 Kd6 32. g5 e5 33. Rd2 Nh5 34. Rc2 Nf4 35. h4 Rf7 36. Kg3 Nh5+ 37. Kg2 Rf4 38. c4 Rxh4 39. cxd5 Kxd5 40. Rc7 a5 41. Rxh7 Nf4+ 0-1